Statystyki dla 10 najbardziej wartościowych piłkarzy 2023

Kliknij tutaj aby rozwiązać quiz!

Ogólne statystyki

  • Ten quiz został rozwiązany 586 razy
  • Średni wynik to 5 z 10

Statystyki odpowiedzi

HintOdpowiedź% Poprawnych
180mlnKylian Mbappe
96%
170mlnErling Haaland
83%
110mlnJude Bellingham
49%
120mlnVinicius Jr
47%
100mlnPedri
41%
90mlnGavi
38%
110mlnPhil Foden
30%
100mlnJamal Musiala
29%
100mlnBukayo Saka
24%
100mlnFederico Valverde
16%

Rozkład punktacji

Percentyl według liczby udzielonych odpowiedzi

Procent ludzi z każdym wynikiem

Twoja historia wyników

Nie rozwiązałeś tego quizu